| 000 | 005970000a22001930004500 | ||
|---|---|---|---|
| 003 | LK-CoMWRAF | ||
| 008 | 230817t1991 ||||| |||| 00| 0 eng d | ||
| 020 | _a9559052047 | ||
| 040 |
_aLK-CoMWRAF _dLK-CoMWRAF _eLK-CoMWRAF |
||
| 041 | _aeng | ||
| 082 |
_a331.4 _bWOM |
||
| 111 |
_aSECOND NATIONAL CONVENTION ON WOMEN'S STUDIES _c(Colombo _dSeptember 1990) |
||
| 245 | _aWomen Poverty and Family Survival | ||
| 260 |
_a[Colombo]: _bCentre for Women's Research, _c1991 |
||
| 300 |
_a92p. : 22 cm _bBibliography included |
||
| 650 | _aWOMEN-Social conditions | ||
| 650 | _aWomen-Poverty | ||
| 942 | _cCP | ||
| 999 |
_c1199 _d1199 |
||